|
|
|
|
| LEADER |
01091nam a2200277 a 4500 |
| 001 |
25203 |
| 003 |
BD-DhAAL |
| 008 |
120604s2010 enka 000 j eng d |
| 999 |
|
|
|c 12342
|d 12342
|
| 020 |
|
|
|a 9780194248280
|
| 020 |
|
|
|a 9780194247863
|
| 040 |
|
|
|a BD-DhAAL
|c BD-DhAAL
|
| 082 |
0 |
0 |
|a 823.7
|2 22
|
| 100 |
1 |
|
|a Austen, Jane
|d 1775-1817
|9 5628
|
| 245 |
1 |
0 |
|a Mansfield Park /
|c Jane Austen,Illustrated by Fiona Sansom.
|
| 260 |
|
|
|a Oxford ;
|a New York :
|b Oxford University Press,
|c 2010.
|
| 300 |
|
|
|a 84 pages :
|b illustrations (chiefly colors) ;
|c 21 cm.
|
| 490 |
0 |
|
|a Dominoes
|
| 500 |
|
|
|a Series editor:Bill Bowler and Sue Parminter
|
| 541 |
1 |
|
|e 00025203
|
| 650 |
|
0 |
|a Young women
|v Fiction
|9 5630
|
| 650 |
|
0 |
|a Children of the rich
|v Fiction
|9 11401
|
| 700 |
1 |
|
|a Sansom, Fiona
|9 11402
|
| 852 |
1 |
|
|a Ayesha Abed Library
|j General Stacks
|
| 942 |
|
|
|2 ddc
|c BK
|
| 952 |
|
|
|0 0
|1 0
|2 ddc
|4 0
|6 823_700000000000000_AUS
|7 0
|9 20396
|a BRACUL
|b BRACUL
|c GEN
|d 2012-06-04
|e Paragon
|g 170.00
|l 4
|m 10
|o 823.7 AUS
|p 3010025203
|q 2026-05-19
|r 2026-05-06
|s 2026-05-06
|t 1
|w 2012-06-04
|y BK
|x Transferred from BIL to BRACUL on 06/06/22
|